000 00668nam a2200241Ia 4500
003 OSt
005 20220918230553.0
006 a|||||r|||| 00| 0
007 ta
008 220917b |||||||| |||| 00| 0 eng d
024 _a256,003
037 _cTextual
040 _aARTS
_cARTS
_beng
041 _2eng
_aeng
082 _aV1:19.N7, M7
100 _aBaral J K
_9152844
245 0 _aInternational politics
_b dynamics and dimensions
260 _aNew Delhi
_bSouth Asian Publishers India
_c1987
300 _a341p
_ccm.
650 _aINTERNATIONAL RELATIONS
_928477
942 _hV1:19.N7, M7
_cTEXL
_2CC
999 _c288382
_d288382